Procesos sociales e innovación tecnológica: en la agricultura de América Latina
Tallennettuna:
| Päätekijät: | , |
|---|---|
| Aineistotyyppi: | Kirja |
| Kieli: | espanja |
| Julkaistu: |
San José
Instituto Interamericano de Cooperación para la Agricultura
1983
|
| Sarja: | Serie de Investigación y Desarrollo. IICA, 9
|
| Aiheet: | |
| Tagit: |
Lisää tagi
Ei tageja, Lisää ensimmäinen tagi!
|
MARC
| LEADER | 00000nam a2200000 a 4500 | ||
|---|---|---|---|
| 001 | UCV7146 | ||
| 003 | CL-VaPUC | ||
| 008 | 880912e19830000CR |||||||||||||||||spa|d | ||
| 082 | 0 | 4 | |a 303.4 |b PIÑ |2 21 |
| 100 | 0 | |a Piñeiro, Martín |e author |9 301173 | |
| 700 | 0 | |a Trigo, Eduardo |e author |9 301174 | |
| 245 | 1 | 0 | |a Procesos sociales e innovación tecnológica: en la agricultura de América Latina |
| 300 | |a 567 p | ||
| 942 | |c BK | ||
| 945 | |d 19880912 00:00:00 | ||
| 260 | |a San José |b Instituto Interamericano de Cooperación para la Agricultura |c 1983 | ||
| 650 | 7 | |a INNOVACIONES TECNOLOGICAS |2 CL-VaPUC |9 301175 | |
| 650 | 7 | |a DESARROLLO RURAL |2 CL-VaPUC |9 301176 | |
| 650 | 0 | |a Condiciones sociales |9 257278 | |
| 651 | 0 | |a América Latina |9 255027 | |
| 583 | |a last modification |c 20160914 11:53:01 |k Rodrigo Vera | ||
| 490 | 0 | |a Serie de Investigación y Desarrollo. IICA, 9 | |
| 999 | |c 212874 |d 212872 | ||